MARC

LEADER 00000nam0a2200000 4500
001 287702
005 20231102000021.0
020 |a RU  |b 85-76211 
035 |a (RuTPU)RU\TPU\book\312129 
090 |a 287702 
100 |a 20150318d1985 m y0rusy5003 ca 
101 0 |a rus 
102 |a RU 
105 |a a j 001zy 
200 1 |a Ремонт и монтаж металлургического оборудования  |e учебник для металлургических техникумов  |f В. А. Кружков, Н. А. Чиченев 
210 |a Москва  |c Металлургия  |d 1985 
215 |a 320 с.  |c ил. 
320 |a Библиогр.: с. 320 
606 |a Металлургическое оборудование  |x Ремонт  |2 stltpush  |3 (RuTPU)RU\TPU\subj\42987  |9 62575 
610 1 |a ремонт 
610 1 |a монтаж 
610 1 |a трение 
610 1 |a смазка 
610 1 |a износ 
610 1 |a механическое оборудование 
610 1 |a фундаменты 
610 1 |a подготовка 
610 1 |a учебники 
675 |a 669.02(075.32)  |z rus  |v 3 
700 1 |a Кружков  |b В. А.  |g Виктор Антонович 
701 1 |a Чиченев  |b Н. А.  |g Николай Алексеевич 
801 0 |a RU  |b RuMRKP  |c 19950704  |g psbo 
801 1 |a RU  |b 63413507  |c 20150318 
801 2 |a RU  |b 63413507  |c 20171117  |g RCR 
942 |c BK